00384 2200157 4500001002100000005001500021035002000036245003900056100002100095300002600116260002800142082000800170084001400178020002200192990001200214INLIS00000000000296220250917020303 a0010-09250003091 aKejujuran Hati /cEidelweis Almira0 aEidelweis Almira a224 hlm ;c13 x 19 cm aJakarta :bZettu,c2013 a813 a813 EID k a978-602-7735-58-3 a0755671